Tres cuentos de Poe en B/N /

Guardado en:
Autor Principal: Besse, Xavier.
Otros Autores: Poe, Edgard Allan.
Formato: Libro
Idioma:Undetermined
Publicado: Buenos Aires : Edelvives, 2014.
Series:Novela Gráfica
Materias:
Etiquetas: Agregar Etiqueta
Sin Etiquetas, Sea el primero en etiquetar este registro!
LEADER 01645nam a22003615a 4500
001 CEM.cems019859
008 221114s2014####ag############000#0#und#d
005 20221114095429.0
245 1 0 |a Tres cuentos de Poe en B/N /  |c Xavier Besse. 
260 |a Buenos Aires :  |b Edelvives,  |c 2014. 
300 |a 104 p. 
490 1 |a Novela Gráfica 
500 |a Tres cuentos de Edgard Allan Poe adaptados y contados como historieta. 
505 0 |a Manuscrito hallado en una botella -- El barril de amontillado -- El gato negro 
020 |a 9789876422963 
100 1 |a Besse, Xavier. 
700 1 |a Poe, Edgard Allan. 
653 |a Literatura 
653 |a Literatura Francesa 
653 |a Literatura Estadounidense 
653 |a Historieta 
653 |a Novela Gáfica 
859 |a CEMS  |b BIB. CEMS - Inicial y Primaria  |h 843.9  |i B464  |k IP  |p 5378  |t Ej.1 
859 |a CEMS  |b BIB. CEMS - Inicial y Primaria  |h 843.9  |i B464  |k IP  |p 5379  |t Ej.2 
859 |a CEMS  |b BIB. CEMS - Inicial y Primaria  |h 843.9  |i B464  |k IP  |p 5380  |t Ej.3 
859 |a CEMS  |b BIB. CEMS - Inicial y Primaria  |h 843.9  |i B464  |k IP  |p 5381  |t Ej.4 
859 |a CEMS  |b BIB. CEMS - Inicial y Primaria  |h 843.9  |i B464  |k IP  |p 5382  |t Ej.5 
859 |a CEMS  |b BIB. CEMS - Inicial y Primaria  |h 843.9  |i B464  |k IP  |p 5383  |t Ej.6 
859 |a CEMS  |b BIB. CEMS - Inicial y Primaria  |h 843.9  |i B464  |k IP  |p 5384  |t Ej.7 
859 |a CEMS  |b BIB. CEMS - Inicial y Primaria  |h 843.9  |i B464  |k IP  |p 5385  |t Ej.8 
859 |a CEMS  |b BIB. CEMS - Inicial y Primaria  |h 843.9  |i B464  |k IP  |p 5386  |t Ej.9 
859 |a CEMS  |b BIB. CEMS - Inicial y Primaria  |h 843.9  |i B464  |k IP  |p 5387  |t Ej.10 
859 |a CEMS  |b BIB. CEMS - Inicial y Primaria  |h 843.9  |i B464  |k IP  |p 5687  |t Ej.11